NAZWA ZWIERZĘCIA Z „Ó” W NAZWIE: - Statystyki

Ogólne statystyki
  • Ten quiz został rozwiązany 91 razy
  • Średni wynik to 2 z 6
Statystyki odpowiedzi
Odpowiedź % Poprawnych
ŻÓŁW
69%
BÓBR
55%
WIEWIÓRKA
38%
MRÓWKA
36%
KRÓLIK
30%
WRÓBEL
18%
Nie znaleziono quizów pasujących do podanych kryteriów
Rozkład punktacji
Procent ludzi z każdym wynikiem
Percentyl według liczby udzielonych odpowiedzi
Twoja historia wyników
Nie rozwiązałeś tego quizu